BMS GENOSIDE難易度表★1 - Statistics

General Stats
  • This quiz has been taken 10 times
  • The average score is 21 of 53
Answer Stats
タイトル アーティスト欄 % Correct
星の器~STAR OF ANDROMEDA (ANOTHER) ZUN (Arr.sun3)
86%
Canon (blazing summer mix) [EXTRA] 上杉うた with 星明 / 薄杏 (Object)
71%
Dream Rocket* [for Rea'ju] Junk [obj : kneas]
71%
duty Hate BGA : S.P.S.B.
57%
Lucid Dreaming [ExHard] TiS feat. maho / obj.Ap (Cineraria Studio)
57%
Scorpion Dance [INSANE] litmus*/obj_jakko mov : litmus* & L.Ferdinant
57%
SunnyShinyRing -Another- みここ & 虹野ひかり
57%
The Lady Is A Trump [ANOTHER] Damjoy&ほくとしちせい
57%
地球塔デヴォーション tarolabo × 月雫 浪漫映像制作倶楽部
43%
AcceptAdvent-Border of Life- (★1) sun3 / obj : Stella
43%
Akasagarbha └(┐┘)┌ wa. vs ETIA. /deadblue238/obj:月門
43%
aliceblue (Radio Edit) (SP EX) syatten / air
43%
AltMirrorBell Another Grand thaw
43%
Arcadia -★1- HaL feat. riri / NORE
43%
Armais (u7) yanagi
43%
BB BLOW (7key another) onoken
43%
CYCLONE [EX] MINT BGA : Can.D-mtmrw / OBJ : 0samil0
43%
Elina (feat. Reislaufer) [HARD] Squar / 差分 赤い人
43%
Espresso Shots [convert] Chino obj.screw
43%
Evangelize (Radio Edit) [PLANET] syatten + 140 obj : 霜深
43%
ゲルニカの壁 [EX7] LOKI
43%
happy century 虎のANOTHER recognize m. / bga-RED / object-black train
43%
J219 (AFOTHER) cranky / black train
43%
Mirage Garden [ANOTHER] xi
43%
Parousia [HARD] xi
43%
Rainy Season -ex7- SHIKI #obj air-
43%
Ruriko FINAL (7KEYS) EX2 POSI-TRON!
43%
点、線、面、立体 [SP ANOTHER+] sound piercer / mov : kkkfff2/obj_jakko
43%
☆ twinklesky ☆ _12 虎のANOTHER fether / obj: black train
43%
Valedict void Momomi Aoyama
43%
Wasabi 激辛 Ninja Action Team
43%
X (虎のANOTHER) sasakure.UK / black train
43%
Bird Sprite -D.K.R. mix- (虎のanother) ツナマヨちゃん / obj: black train
29%
エピトゥリカの祀 [Black-A.2] Team:SASAKURATION / obj:Sena
29%
CG901B -7EX-[Short Ver.]BGA+ 美里 with Na+
29%
Crossover (Chain mix) STR ALLSTARS / OBJ.SWA
29%
Eleventh Hour (time limit soon! mix) [29Another] hiro remixed by HOUJIROU / 29
29%
ERIS MX Grand Thaw
29%
Faceless Moon (Dante Must Die!) hammer
29%
fragments J-CoreRemix[HeavyRain] Cosmos remix by polysha
29%
ブクレシュティの人形師 -GIL- Project Necro Fantasia
29%
約束 -HappyHyperStarmiX- (虎の穴) beatMARIO / obj: black train
29%
JULIAN 'for B.O.F. 2009' [SP-RX INSANE] Queen P.A.L. VJ KINTA / obj by sound piercer
29%
NewGamePlus [Good old game] DhiArk / obj:みっと
29%
Re: Shinin' Queen -Hi- ねこみみ魔法使い / obj:秘密
29%
RiZE UP (Dif) TiS feat.きゃと / U
29%
恋わずらい -shiny party floor- maniac ねこみみ魔法使い
29%
supersoulsimulator (kei-another 7) Yamajet
29%
The Ray of Sunlight P*Light
29%
ハルトマンの妖怪少女~VirusⅤ [ANOTHER] ZUN RMX By 44teru-k
29%
Caelumize [SP Cloudy] void obj.Cloudy Boy Momomi Aoyama
14%
Destined Marionette -ALIEN WORLD- beatMARIO object by Kz
14%
FELYS (虎のANOTHER) onoken / black train
14%
No matching quizzes found
Score Distribution
Percent of People with Each Score
Percentile by Number Answered
Your Score History
You have not taken this quiz